000 00480nam a2200181Ia 4500
001 7627
005 20260306160509.0
008 260306t2022||||xx |||||||||||||| ||spa||
041 _aESP
082 _a352.40985
_bP86
100 _aPrieto Hormaza, Marlon Iván
_eAUT
245 0 _aSistema integral de administración financiera del sector público (SIAF)
260 _c2022
300 _a127 páginas :
_c24 cm.
650 _aGEN
654 _aCAN
942 _cLIB
_dJUS
_fJUS
_2ddc
_n
999 _c7627
_d7627